Koncepcia zahraničnej politiky Slovenskej republiky.

Východiská zahraničnej politiky Slovenska ako subjektu medzinárodného práva od 1.1.1993, suverénneho štátu. Hlavné smery pôsobenia v medzinárodných vzťahoch, vo vzťahoch k medzinárodným organizáciám a jednotlivým krajinám, resp. kontinentom. Zahraničná politika a ekonomika.

Saved in:
Bibliographic Details
Format: Book Chapter
Language:Slovak
Subjects:
Tags: Add Tag
No Tags, Be the first to tag this record!

MARC

LEADER 00000naa a2200000 4500
001 r011887
005 20221214064907.9
041 0 |a slo 
044 |a SK 
245 1 0 |a Koncepcia zahraničnej politiky Slovenskej republiky. 
520 |a Východiská zahraničnej politiky Slovenska ako subjektu medzinárodného práva od 1.1.1993, suverénneho štátu. Hlavné smery pôsobenia v medzinárodných vzťahoch, vo vzťahoch k medzinárodným organizáciám a jednotlivým krajinám, resp. kontinentom. Zahraničná politika a ekonomika. 
610 2 0 |a politika zahraničná 
610 2 0 |a Slovensko 
610 2 0 |a koncepcie